00290nam a2200109Ia 450000500170000000800410001710000220005824500550008026000210013530000110015665000130016720260328104345.0260328s9999||||xx |||||||||||||| ||und|| aSierra, Álvaro  0aPiratas en cartagena de Indias /cÁlvaro Sierra bArtes Gráficas a107 p. aNOVELAS